000 00758nam a22002297a 4500
999 _c10021
_d10021
003 AR-CdUCM
008 190329b ||||| |||| 00| 0 spa d
040 _aMUNICIPALIDAD PROVINCIAL DEL CUSCO
_cBIBLIOTECA MUNICIPAL DEL CUSCO
082 _a869.56 /
_bC13P / 1970
100 _aCabel, Jesus
_96084
245 _aPalabra de guerrillero :
_bJavier Heraud / pequeña antología y homenaje /
260 _aLima :
_bEwegsa,
_c1970.
300 _a98 páginas ;
_bretrato,
_c19 cm.
440 _aColección de poesía Perú nuevo.
_926623
505 _aContenido: Poesía.
650 _aLiteratura Peruana
_9132
650 _aSiglo XX
_98
650 _aPoesía
_9139
700 _aCabel, Jesus (selección notas)
_926624
942 _2ddc
_cLIBROS
945 _aachl